Ariana Grande - Chansons de l'album Yours Truly - Statistiques

Statistiques générales
  • Ce quiz a été pris 134 fois
    87 depuis la dernière actualisation
  • Le résultat moyen est 9 sur 12
Statistiques - réponses
Hint Réponse % Correct
6 Piano
94%
1 Honeymoon Avenue
92%
2 Baby I
88%
8 The Way
88%
3 Right There
81%
11 Popular Song
79%
4 Tattooed Heart
75%
7 Daydreamin
73%
10 Almost is never Enough
67%
12 Better Left Unsaid
58%
5 Lovin'it
58%
9 You'll Never Know
58%
Aucun quiz correspondant
Distribution des résultats
% des personnes avec chaque résultat
Percentile par nombre de réponses
Votre historique - résultats
Vous n’avez pas pris ce quiz depuis la dernière actualisation